Logo BPK

Biblioteka

Politechniki Koszalińskiej

Traktat z Amsterdamu zmieniający Traktat o Unii Europejskiej : (Rekord nr 46088)

Szczegóły MARC
000 -ETYKIETA REKORDU
podpole kontrolne o stałej długości 00820nam a2200217 i 4500
001 - NUMER KONTROLNY REKORDU
pole kontrolne bg
020 ## - MIĘDZYNARODOWY ZNORMALIZOWANY NUMER KSIĄŻKI - ISBN
ISBN 8389972409
040 ## - ŹRÓDŁO KATALOGOWANIA
Instytucja, która utworzyła rekord BPK
041 1# - KOD JĘZYKA
Kod języka tekstu pol
Kod języka oryginału enggerfra
080 ## - UNIWERSALNA KLASYFIKACJA DZIESIĘTNA - UKD
UKD 341.12(4-67)(094.4)
920 ## - Międzynarodowy znormalizowany numer książki – ISBN
ISBN 83-89972-40-9
008 - POLE O STAŁEJ DŁUGOŚCI - DANE KONTROLNE
podpole kontrolne o stałej długości s pl f |000 0 pol
245 00 - TYTUŁ/ODPOWIEDZIALNOŚĆ
Tytuł Traktat z Amsterdamu zmieniający Traktat o Unii Europejskiej :
Ciąg dalszy tytułu Traktaty ustanawiające Wspólnoty Europejskie i niektóre związane z nim akty [...] /
Pozostałe elementy strefy tytułu i oznaczenia odpowiedzialności Urząd Komitetu Integracji Europejskiej.
260 ## - STREFA ADRESU WYDAWNICZEGO
Miejsce wydania Warszawa :
Nazwa wydawcy/dystrybutora UKIE,
Data publikacji, dystrybucji/powstania dokumentu 2004.
300 ## - STREFA OPISU FIZYCZNEGO
Objętość 375, [1] s. ;
Rozmiary 24 cm.
500 ## - UWAGI OGÓLNE
Tekst uwagi Tł. z jęz. ang., niem., franc. - Na grzb. nr kol. tomu: 10.
650 #9 - HASŁO PRZEDMIOTOWE W FORMIE NAZWY OGÓLNEJ LUB JEDNOSTKOWEJ
Nazwa ogólna lub geograficzna Umowy międzynarodowe
Określnik geograficzny Europa
650 #9 - HASŁO PRZEDMIOTOWE W FORMIE NAZWY OGÓLNEJ LUB JEDNOSTKOWEJ
Nazwa ogólna lub geograficzna Prawo wspólnotowe europejskie
Określnik chronologiczny stan na 2004 r.
710 0# - HASŁO DODATKOWE - NAZWA CIAŁA ZBIOROWEGO
Nazwa ciała zbiorowego lub jednostki geograficznej Urząd Komitetu Integracji Europejskiej
856 ## - LOKALIZACJA I DOSTĘP DO ELEKTRONICZNYCH DOKUMENTÓW ZDALNYCH
Link (URL) http://koha.tu.koszalin.pl/cgi-bin/koha/opac-detail.pl?biblionumber=46088
Tekst linku Katalog online BPK
942 ## - DODATKOWE ELEMENTY (KOHA)
Typ dokumentu Książka
Egzemplarze
Wycofany Status egzemplarza Uszkodzony Dostępność Lokalizacja stała Lokalizacja bieżąca Miejsce przechowywania Sygnatura Kod kreskowy Typ dokumentu
      Tylko na miejscu Biblioteka Politechniki Koszalińskiej Biblioteka Politechniki Koszalińskiej Czytelnia Wydziałowa ul. Kwiatkowskiego 6e 75691 02252711 Książka
© 2023 Biblioteka Politechniki Koszalińskiej :: KOHA